[Event "9th Vellmar Chess Days"]
[Site "chess24.com"]
[Date "2017.07.16"]
[Round "7"]
[White "Maar, Samuel"]
[Black "Hettler, Wolfgang"]
[Result "1-0"]
[Board "21"]
[WhiteElo "1952"]
[WhiteCountry "GER"]
[WhiteFideId "12952591"]
[WhiteEloChange "12"]
[BlackElo "2040"]
[BlackCountry "GER"]
[BlackFideId "4677706"]
[BlackEloChange "-12"]

1. e4 {[%clk 1:30:58]} c6 {[%clk 1:30:48]} 2. d4 {[%clk 1:31:25]} d5 {[%clk
1:31:03]} 3. exd5 {[%clk 1:31:50]} cxd5 {[%clk 1:31:26]} 4. c4 {[%clk 1:32:13]}
Nf6 {[%clk 1:31:48]} 5. Nc3 {[%clk 1:32:40]} Nc6 {[%clk 1:32:00]} 6. Be3 {[%clk
1:29:07]} g6 {[%clk 1:30:49]} 7. Be2 {[%clk 1:23:26]} Bg7 {[%clk 1:30:37]} 8. Nf3
{[%clk 1:22:56]} O-O {[%clk 1:26:10]} 9. O-O {[%clk 1:14:43]} Bg4 {[%clk
1:25:51]} 10. Ne5 {[%clk 1:11:00]} Bxe2 {[%clk 1:23:11]} 11. Qxe2 {[%clk
1:10:39]} e6 {[%clk 1:23:15]} 12. Rfd1 {[%clk 1:04:49]} Qa5 {[%clk 1:20:39]} 13.
a3 {[%clk 0:59:18]} dxc4 {[%clk 1:17:16]} 14. Nxc6 {[%clk 0:55:58]} bxc6 {[%clk
1:16:17]} 15. Qxc4 {[%clk 0:56:25]} Rac8 {[%clk 1:16:28]} 16. Rac1 {[%clk
0:54:56]} Ng4 {[%clk 1:16:03]} 17. Bf4 {[%clk 0:53:54]} Qf5 {[%clk 1:13:30]} 18.
Bg3 {[%clk 0:50:59]} Rfd8 {[%clk 1:09:41]} 19. Qa6 {[%clk 0:42:44]} e5 {[%clk
1:00:39]} 20. h3 {[%clk 0:42:01]} Nxf2 {[%clk 1:00:17]} 21. Bxf2 {[%clk 0:40:28]}
exd4 {[%clk 1:00:37]} 22. Ne2 {[%clk 0:37:03]} c5 {[%clk 1:00:47]} 23. Ng3 {[%clk
0:34:19]} Qd7 {[%clk 0:59:01]} 24. Ne4 {[%clk 0:33:49]} Qd5 {[%clk 0:57:37]} 25.
Nf6+ {[%clk 0:26:49]} Bxf6 {[%clk 0:52:36]} 26. Qxf6 {[%clk 0:27:17]} Qb3 {[%clk
0:52:13]} 27. Re1 {[%clk 0:18:19]} Rd5 {[%clk 0:51:56]} 28. Rxc5 {[%clk 0:10:08]}
Rcd8 {[%clk 0:49:31]} 29. Rxd5 {[%clk 0:09:29]} Qxd5 {[%clk 0:49:35]} 30. Re5
{[%clk 0:09:17]} Qd7 {[%clk 0:49:38]} 31. Re7 {[%clk 0:09:34]} Qd5 {[%clk
0:49:56]} 1-0

[Event "9th Vellmar Chess Days"]
[Site "chess24.com"]
[Date "2017.07.16"]
[Round "7"]
[White "Reichenbaecher, Thomas"]
[Black "Blum, Ralph"]
[Result "0-1"]
[Board "22"]
[WhiteElo "1975"]
[WhiteCountry "GER"]
[WhiteFideId "4643402"]
[WhiteEloChange "-7"]
[BlackElo "2099"]
[BlackCountry "GER"]
[BlackFideId "4633520"]
[BlackEloChange "7"]

1. Nf3 {[%clk 1:30:57]} f5 {[%clk 1:30:53]} 2. g3 {[%clk 1:30:56]} Nf6 {[%clk
1:31:13]} 3. c4 {[%clk 1:31:20]} g6 {[%clk 1:31:32]} 4. Bg2 {[%clk 1:31:40]} Bg7
{[%clk 1:31:53]} 5. Nc3 {[%clk 1:31:48]} O-O {[%clk 1:32:12]} 6. Rb1 {[%clk
1:31:10]} d6 {[%clk 1:32:27]} 7. d4 {[%clk 1:30:02]} a5 {[%clk 1:28:34]} 8. b3
{[%clk 1:29:01]} Na6 {[%clk 1:28:54]} 9. Bb2 {[%clk 1:29:20]} c6 {[%clk 1:29:16]}
10. O-O {[%clk 1:27:37]} Qc7 {[%clk 1:29:26]} 11. d5 {[%clk 1:24:35]} e5 {[%clk
1:25:54]} 12. dxe6 {[%clk 1:22:05]} Bxe6 {[%clk 1:26:14]} 13. Ng5 {[%clk
1:21:24]} Bd7 {[%clk 1:26:23]} 14. Ba3 {[%clk 1:10:44]} Nb4 {[%clk 1:26:35]} 15.
Bb2 {[%clk 1:10:48]} Rad8 {[%clk 1:25:32]} 16. a3 {[%clk 1:10:58]} Na6 {[%clk
1:25:52]} 17. Nh3 {[%clk 1:08:00]} Bc8 {[%clk 1:10:28]} 18. e3 {[%clk 1:05:01]}
Rfe8 {[%clk 1:10:18]} 19. Nf4 {[%clk 1:05:11]} Nc5 {[%clk 1:09:42]} 20. h4 {[%clk
1:03:47]} Qf7 {[%clk 0:53:05]} 21. Qc2 {[%clk 1:00:28]} h6 {[%clk 0:48:13]} 22.
b4 {[%clk 0:54:48]} axb4 {[%clk 0:48:34]} 23. axb4 {[%clk 0:55:13]} Ne6 {[%clk
0:48:47]} 24. Nce2 {[%clk 0:48:41]} Nxf4 {[%clk 0:41:12]} 25. Nxf4 {[%clk
0:47:36]} Ne4 {[%clk 0:41:26]} 26. Bxg7 {[%clk 0:46:35]} Kxg7 {[%clk 0:41:32]}
27. Bxe4 {[%clk 0:40:54]} fxe4 {[%clk 0:37:30]} 28. Qc3+ {[%clk 0:39:02]} Kh7
{[%clk 0:30:31]} 29. Kg2 {[%clk 0:29:59]} Bg4 {[%clk 0:29:54]} 30. b5 {[%clk
0:24:41]} Rh8 {[%clk 0:27:34]} 31. bxc6 {[%clk 0:23:56]} bxc6 {[%clk 0:27:55]}
32. f3 {[%clk 0:22:05]} Bxf3+ {[%clk 0:26:09]} 33. Kf2 {[%clk 0:20:27]} Ra8
{[%clk 0:18:34]} 34. Rb2 {[%clk 0:11:06]} g5 {[%clk 0:15:47]} 35. Rfb1 {[%clk
0:10:31]} Ra7 {[%clk 0:15:28]} 36. Ng2 {[%clk 0:06:26]} Bxg2+ {[%clk 0:09:58]}
37. Kxg2 {[%clk 0:06:41]} gxh4 {[%clk 0:09:54]} 38. Rf2 {[%clk 0:04:43]} Qg6
{[%clk 0:09:12]} 39. Qf6 {[%clk 0:04:41]} hxg3 {[%clk 0:07:24]} 40. Qxg6+ {[%clk
0:04:00]} Kxg6 {[%clk 0:07:39]} 41. Kxg3 {[%clk 0:04:26]} Ra3 {[%clk 0:00:54]}
42. Rbf1 {[%clk 0:04:01]} Rxe3+ {[%clk 0:00:48]} 43. Kh4 {[%clk 0:03:41]} Rf3
{[%clk 0:00:56]} 44. Rxf3 {[%clk 0:01:19]} exf3 {[%clk 0:01:14]} 45. Rxf3 {[%clk
0:01:45]} Re8 {[%clk 0:01:26]} 46. Rf4 {[%clk 0:01:57]} Re6 {[%clk 0:00:52]} 47.
Kg4 {[%clk 0:00:43]} Rf6 {[%clk 0:30:33]} 48. Re4 {[%clk 0:31:46]} Kf7 {[%clk
0:30:52]} 49. Kh5 {[%clk 0:31:27]} Re6 {[%clk 0:30:56]} 50. Rf4+ {[%clk 0:31:29]}
Ke7 {[%clk 0:31:15]} 51. Rg4 {[%clk 0:31:52]} Rf6 {[%clk 0:30:35]} 52. Re4+
{[%clk 0:31:13]} Kd7 {[%clk 0:30:53]} 53. Kg4 {[%clk 0:30:08]} Kc7 {[%clk
0:30:41]} 54. c5 {[%clk 0:26:34]} dxc5 {[%clk 0:30:46]} 55. Re1 {[%clk 0:26:46]}
Rd6 {[%clk 0:28:42]} 56. Rh1 {[%clk 0:26:15]} c4 {[%clk 0:28:37]} 57. Kf4 {[%clk
0:26:12]} Kb6 {[%clk 0:28:53]} 58. Ke4 {[%clk 0:25:32]} Kc5 {[%clk 0:28:34]} 59.
Ra1 {[%clk 0:24:40]} c3 {[%clk 0:27:55]} 0-1

[Event "9th Vellmar Chess Days"]
[Site "chess24.com"]
[Date "2017.07.16"]
[Round "7"]
[White "Schnegelsberg, Karl-Heinz"]
[Black "Stoeber, Alexander"]
[Result "1/2-1/2"]
[Board "23"]
[WhiteElo "1973"]
[WhiteCountry "GER"]
[WhiteFideId "4653335"]
[WhiteEloChange "3"]
[BlackElo "2092"]
[BlackCountry "GER"]
[BlackFideId "16211766"]
[BlackEloChange "-3"]

1. Nf3 {[%clk 1:25:48]} g6 {[%clk 1:30:27]} 2. e4 {[%clk 1:26:14]} d6 {[%clk
1:30:51]} 3. g3 {[%clk 1:26:24]} Bg7 {[%clk 1:31:15]} 4. Bg2 {[%clk 1:26:44]} c5
{[%clk 1:29:50]} 5. O-O {[%clk 1:25:30]} Nc6 {[%clk 1:29:50]} 6. d3 {[%clk
1:25:37]} Nf6 {[%clk 1:30:22]} 7. c3 {[%clk 1:25:35]} O-O {[%clk 1:30:29]} 8.
Nbd2 {[%clk 1:25:25]} e5 {[%clk 1:30:22]} 9. a4 {[%clk 1:24:28]} a5 {[%clk
1:30:27]} 10. Nc4 {[%clk 1:23:40]} h6 {[%clk 1:29:34]} 11. Qb3 {[%clk 1:22:28]}
Rb8 {[%clk 1:27:18]} 12. Nb6 {[%clk 1:19:09]} Be6 {[%clk 1:26:51]} 13. Nd5 {[%clk
1:18:55]} Nh5 {[%clk 1:20:50]} 14. Nd2 {[%clk 1:11:18]} Ne7 {[%clk 1:19:10]} 15.
Nc4 {[%clk 1:08:50]} f5 {[%clk 1:14:23]} 16. Nxe7+ {[%clk 1:04:26]} Qxe7 {[%clk
1:14:32]} 17. Qb6 {[%clk 1:03:12]} fxe4 {[%clk 1:11:36]} 18. Bxe4 {[%clk
1:00:30]} d5 {[%clk 1:10:33]} 19. Bxg6 {[%clk 0:59:41]} Nxg3 {[%clk 1:05:34]} 20.
hxg3 {[%clk 0:59:02]} dxc4 {[%clk 1:04:59]} 21. Be3 {[%clk 0:58:22]} Bh3 {[%clk
1:03:57]} 22. Be4 {[%clk 0:46:14]} Bxf1 {[%clk 0:54:58]} 23. Rxf1 {[%clk
0:43:02]} Rf6 {[%clk 0:41:09]} 24. Qxa5 {[%clk 0:42:11]} cxd3 {[%clk 0:40:36]}
25. Bxd3 {[%clk 0:41:40]} b6 {[%clk 0:40:07]} 26. Qb5 {[%clk 0:41:52]} Kh8 {[%clk
0:36:17]} 27. Be4 {[%clk 0:38:46]} Qe8 {[%clk 0:33:50]} 28. Qb3 {[%clk 0:33:21]}
Rd8 {[%clk 0:25:27]} 29. Kg2 {[%clk 0:33:17]} Rfd6 {[%clk 0:24:28]} 30. Rh1
{[%clk 0:33:15]} Qe6 {[%clk 0:21:01]} 31. Qc2 {[%clk 0:29:47]} Qg4 {[%clk
0:18:29]} 32. Bf5 {[%clk 0:24:37]} Qc4 {[%clk 0:17:13]} 33. b3 {[%clk 0:20:50]}
Qf7 {[%clk 0:15:54]} 34. Be4 {[%clk 0:18:47]} Qd7 {[%clk 0:13:29]} 35. Qc1 {[%clk
0:13:19]} Rd1 {[%clk 0:06:21]} 36. Rxd1 {[%clk 0:13:24]} Qxd1 {[%clk 0:06:46]}
37. Bxh6 {[%clk 0:13:43]} Qxc1 {[%clk 0:06:08]} 38. Bxc1 {[%clk 0:14:11]} Rd1
{[%clk 0:05:59]} 39. Be3 {[%clk 0:14:40]} Kg8 {[%clk 0:05:19]} 40. Kf3 {[%clk
0:14:07]} Kf7 {[%clk 0:05:25]} 41. Bc2 {[%clk 0:13:31]} Rd8 {[%clk 0:04:18]} 42.
Ke4 {[%clk 0:13:21]} Ke6 {[%clk 0:04:18]} 43. Bd3 {[%clk 0:12:35]} Rh8 {[%clk
0:02:19]} 44. a5 {[%clk 0:08:38]} bxa5 {[%clk 0:02:28]} 45. Bxc5 {[%clk 0:08:34]}
Rc8 {[%clk 0:02:10]} 46. Bc4+ {[%clk 0:08:20]} Kf6 {[%clk 0:02:32]} 47. Kd5
{[%clk 0:07:56]} Kf5 {[%clk 0:31:22]} 48. Bb6 {[%clk 0:36:10]} Ra8 {[%clk
0:31:16]} 49. Bb5 {[%clk 0:34:39]} Rb8 {[%clk 0:28:52]} 50. Bd7+ {[%clk 0:33:05]}
Kg5 {[%clk 0:28:44]} 51. Kc6 {[%clk 0:32:08]} e4 {[%clk 0:28:09]} 52. c4 {[%clk
0:31:49]} Bc3 {[%clk 0:25:52]} 53. c5 {[%clk 0:27:02]} Be1 {[%clk 0:25:05]} 54.
Kc7 {[%clk 0:26:14]} Rf8 {[%clk 0:24:24]} 55. c6 {[%clk 0:17:55]} Bxf2 {[%clk
0:23:42]} 56. Bxf2 {[%clk 0:17:17]} Rxf2 {[%clk 0:23:53]} 57. Kd8 {[%clk
0:17:09]} e3 {[%clk 0:23:44]} 58. c7 {[%clk 0:16:28]} e2 {[%clk 0:16:21]} 59. c8Q
{[%clk 0:16:42]} e1Q {[%clk 0:15:02]} 60. Qc5+ {[%clk 0:15:51]} Kg6 {[%clk
0:13:40]} 61. g4 {[%clk 0:13:18]} Kg7 {[%clk 0:11:01]} 62. Qd4+ {[%clk 0:11:54]}
Kg6 {[%clk 0:11:04]} 63. Bf5+ {[%clk 0:09:17]} Kg5 {[%clk 0:10:41]} 64. Qc5
{[%clk 0:08:28]} Rd2+ {[%clk 0:09:34]} 65. Kc7 {[%clk 0:07:59]} Kh4 {[%clk
0:07:06]} 66. Kb6 {[%clk 0:07:42]} Kg5 {[%clk 0:07:13]} 67. Bd7+ {[%clk 0:05:44]}
Kh4 {[%clk 0:07:30]} 68. Qh5+ {[%clk 0:05:35]} Kg3 {[%clk 0:07:36]} 69. Bc6
{[%clk 0:05:38]} Rh2 {[%clk 0:05:16]} 70. Qf5 {[%clk 0:05:08]} Qb4+ {[%clk
0:03:30]} 1/2-1/2

[Event "9th Vellmar Chess Days"]
[Site "chess24.com"]
[Date "2017.07.16"]
[Round "7"]
[White "Kelm, Daniel"]
[Black "Werner, Martin"]
[Result "1-0"]
[Board "24"]
[WhiteElo "1950"]
[WhiteCountry "GER"]
[WhiteFideId "12917095"]
[WhiteEloChange "12"]
[BlackElo "2036"]
[BlackCountry "GER"]
[BlackFideId "4607970"]
[BlackEloChange "-12"]

1. d4 {[%clk 1:30:57]} d5 {[%clk 1:30:54]} 2. Nf3 {[%clk 1:31:14]} c5 {[%clk
1:31:16]} 3. e3 {[%clk 1:30:34]} Nc6 {[%clk 1:31:31]} 4. dxc5 {[%clk 1:30:05]} e6
{[%clk 1:30:33]} 5. a3 {[%clk 1:28:47]} Bxc5 {[%clk 1:29:42]} 6. b4 {[%clk
1:28:58]} Qf6 {[%clk 1:28:17]} 7. Ra2 {[%clk 1:27:16]} Bb6 {[%clk 1:19:53]} 8.
Bb2 {[%clk 1:25:51]} Qh6 {[%clk 1:17:53]} 9. Be2 {[%clk 1:20:55]} Nf6 {[%clk
1:14:49]} 10. O-O {[%clk 1:20:13]} O-O {[%clk 1:12:38]} 11. Nbd2 {[%clk 1:18:22]}
Rd8 {[%clk 1:10:17]} 12. Nb3 {[%clk 1:13:15]} Bc7 {[%clk 1:04:32]} 13. b5 {[%clk
1:11:55]} Ne7 {[%clk 1:03:32]} 14. Ne5 {[%clk 1:06:31]} d4 {[%clk 0:58:57]} 15.
f4 {[%clk 1:02:13]} dxe3 {[%clk 0:54:04]} 16. Qe1 {[%clk 1:02:36]} Ng6 {[%clk
0:38:42]} 17. g3 {[%clk 0:58:03]} Nxe5 {[%clk 0:36:16]} 18. Bxe5 {[%clk 0:58:15]}
Bxe5 {[%clk 0:35:24]} 19. fxe5 {[%clk 0:58:37]} Ne4 {[%clk 0:34:19]} 20. Rf4
{[%clk 0:57:04]} Nf2 {[%clk 0:31:36]} 21. Rd4 {[%clk 0:53:52]} Rxd4 {[%clk
0:23:20]} 22. Nxd4 {[%clk 0:54:13]} Qg5 {[%clk 0:21:09]} 23. Nf3 {[%clk 0:51:46]}
Qf5 {[%clk 0:17:15]} 24. Qc3 {[%clk 0:48:34]} Qe4 {[%clk 0:16:23]} 25. Qd4 {[%clk
0:46:19]} Qxd4 {[%clk 0:15:04]} 26. Nxd4 {[%clk 0:46:44]} Bd7 {[%clk 0:13:09]}
27. a4 {[%clk 0:46:07]} Rc8 {[%clk 0:07:35]} 28. Ra3 {[%clk 0:46:06]} Ne4 {[%clk
0:07:57]} 29. Bf3 {[%clk 0:41:38]} Nc3 {[%clk 0:07:52]} 30. Bxb7 {[%clk 0:41:30]}
Rc4 {[%clk 0:07:49]} 31. Nc6 {[%clk 0:40:41]} Nd1 {[%clk 0:03:26]} 32. Kf1 {[%clk
0:36:57]} Rxc2 {[%clk 0:02:56]} 33. Rd3 {[%clk 0:37:22]} e2+ {[%clk 0:02:35]} 34.
Ke1 {[%clk 0:37:48]} Nc3 {[%clk 0:03:00]} 35. Re3 {[%clk 0:35:55]} Rc1+ {[%clk
0:02:38]} 36. Kd2 {[%clk 0:36:20]} Rd1+ {[%clk 0:02:46]} 37. Kxc3 {[%clk
0:36:42]} e1Q+ {[%clk 0:03:04]} 38. Rxe1 {[%clk 0:37:04]} Rxe1 {[%clk 0:03:33]}
39. Kb4 {[%clk 0:37:26]} Kf8 {[%clk 0:03:00]} 40. Nxa7 {[%clk 0:35:25]} Rxe5
{[%clk 0:01:57]} 41. Nc6 {[%clk 0:32:24]} Re1 {[%clk 0:25:01]} 42. a5 {[%clk
1:04:12]} Ke8 {[%clk 0:20:10]} 43. a6 {[%clk 1:02:00]} Ra1 {[%clk 0:19:55]} 44.
Kc5 {[%clk 1:02:23]} Bxc6 {[%clk 0:19:19]} 45. Bxc6+ {[%clk 1:02:08]} Kd8 {[%clk
0:18:29]} 46. Kb6 {[%clk 1:02:25]} 1-0

[Event "9th Vellmar Chess Days"]
[Site "chess24.com"]
[Date "2017.07.16"]
[Round "7"]
[White "Doerge, Sven"]
[Black "Buese, Ralf"]
[Result "1-0"]
[Board "25"]
[WhiteElo "2000"]
[WhiteCountry "GER"]
[WhiteFideId "24657638"]
[WhiteEloChange "7"]
[BlackElo "1900"]
[BlackCountry "GER"]
[BlackFideId "16208358"]
[BlackEloChange "-7"]

1. e4 {[%clk 1:30:57]} e6 {[%clk 1:30:52]} 2. d4 {[%clk 1:31:21]} d5 {[%clk
1:31:11]} 3. exd5 {[%clk 1:31:38]} exd5 {[%clk 1:31:37]} 4. Be3 {[%clk 1:31:56]}
Bd6 {[%clk 1:31:02]} 5. Bd3 {[%clk 1:31:18]} Nc6 {[%clk 1:29:29]} 6. a3 {[%clk
1:28:46]} Nge7 {[%clk 1:25:26]} 7. Qf3 {[%clk 1:19:43]} Be6 {[%clk 1:21:21]} 8.
Nc3 {[%clk 1:19:09]} a6 {[%clk 1:21:27]} 9. Nh3 {[%clk 1:17:30]} Bxh3 {[%clk
1:11:53]} 10. gxh3 {[%clk 1:13:25]} Qd7 {[%clk 1:03:42]} 11. O-O-O {[%clk
1:11:27]} f5 {[%clk 0:44:26]} 12. Nxd5 {[%clk 1:07:21]} Nxd5 {[%clk 0:43:55]} 13.
Qxd5 {[%clk 1:07:34]} Rf8 {[%clk 0:43:28]} 14. c4 {[%clk 1:00:07]} f4 {[%clk
0:38:52]} 15. Bd2 {[%clk 0:59:31]} Qxh3 {[%clk 0:38:59]} 16. Rhe1+ {[%clk
0:58:52]} Be7 {[%clk 0:39:09]} 17. Qe4 {[%clk 0:52:06]} O-O-O {[%clk 0:38:50]}
18. d5 {[%clk 0:51:00]} Bc5 {[%clk 0:37:14]} 19. Bf1 {[%clk 0:49:29]} Qb3 {[%clk
0:36:04]} 20. dxc6 {[%clk 0:48:30]} Bxa3 {[%clk 0:35:12]} 21. cxb7+ {[%clk
0:48:09]} Kb8 {[%clk 0:35:41]} 22. Qc2 {[%clk 0:48:12]} 1-0

[Event "9th Vellmar Chess Days"]
[Site "chess24.com"]
[Date "2017.07.16"]
[Round "7"]
[White "Thomasson, Staffan"]
[Black "Lesny, Florian"]
[Result "0-1"]
[Board "26"]
[WhiteElo "1921"]
[WhiteCountry "SWE"]
[WhiteFideId "1706284"]
[WhiteEloChange "-8"]
[BlackElo "1997"]
[BlackCountry "GER"]
[BlackFideId "12973874"]
[BlackEloChange "8"]

1. c4 {[%clk 1:30:58]} c5 {[%clk 1:30:51]} 2. Nf3 {[%clk 1:31:23]} Nc6 {[%clk
1:31:13]} 3. d4 {[%clk 1:27:49]} cxd4 {[%clk 1:30:23]} 4. Nxd4 {[%clk 1:28:17]}
g6 {[%clk 1:30:28]} 5. Nc3 {[%clk 1:28:24]} Bg7 {[%clk 1:30:44]} 6. Nc2 {[%clk
1:28:28]} d6 {[%clk 1:28:54]} 7. e4 {[%clk 1:28:51]} Nf6 {[%clk 1:28:48]} 8. Be2
{[%clk 1:28:55]} a6 {[%clk 1:27:08]} 9. Be3 {[%clk 1:25:48]} O-O {[%clk 1:26:35]}
10. f3 {[%clk 1:24:27]} Be6 {[%clk 1:24:38]} 11. Qd2 {[%clk 1:21:27]} Rc8 {[%clk
1:21:20]} 12. Bh6 {[%clk 1:07:41]} Bxh6 {[%clk 1:19:37]} 13. Qxh6 {[%clk
1:08:10]} Ne5 {[%clk 1:19:29]} 14. g4 {[%clk 0:57:46]} Bxc4 {[%clk 1:12:59]} 15.
h4 {[%clk 0:58:00]} Bxe2 {[%clk 1:10:59]} 16. Kxe2 {[%clk 0:58:28]} Qb6 {[%clk
0:56:01]} 17. Rab1 {[%clk 0:56:24]} d5 {[%clk 0:49:08]} 18. Ne3 {[%clk 0:48:59]}
dxe4 {[%clk 0:44:59]} 19. Nxe4 {[%clk 0:46:19]} Nxe4 {[%clk 0:41:23]} 20. fxe4
{[%clk 0:44:01]} Qb5+ {[%clk 0:31:04]} 21. Kf2 {[%clk 0:42:53]} Rfd8 {[%clk
0:30:07]} 22. h5 {[%clk 0:40:50]} Rd2+ {[%clk 0:23:14]} 23. Kg3 {[%clk 0:40:28]}
Qe2 {[%clk 0:18:10]} 24. Rbf1 {[%clk 0:40:48]} Rd3 {[%clk 0:16:53]} 25. hxg6
{[%clk 0:26:27]} Rxe3+ {[%clk 0:15:27]} 26. Kf4 {[%clk 0:26:08]} Rxe4+ {[%clk
0:15:30]} 0-1

[Event "9th Vellmar Chess Days"]
[Site "chess24.com"]
[Date "2017.07.16"]
[Round "7"]
[White "Krausse, Eckhard"]
[Black "Bajorski, Marius"]
[Result "1/2-1/2"]
[Board "27"]
[WhiteElo "1993"]
[WhiteCountry "GER"]
[WhiteFideId "4638174"]
[WhiteEloChange "-3"]
[BlackElo "1896"]
[BlackCountry "GER"]
[BlackFideId "12938831"]
[BlackEloChange "3"]

1. e4 {[%clk 1:29:23]} c6 {[%clk 1:30:56]} 2. Nc3 {[%clk 1:28:26]} d5 {[%clk
1:30:55]} 3. Nf3 {[%clk 1:28:47]} Bg4 {[%clk 1:30:48]} 4. h3 {[%clk 1:28:21]}
Bxf3 {[%clk 1:30:11]} 5. Qxf3 {[%clk 1:28:40]} e6 {[%clk 1:30:30]} 6. d4 {[%clk
1:24:23]} Nf6 {[%clk 1:27:51]} 7. Be3 {[%clk 1:18:22]} Bb4 {[%clk 1:22:54]} 8.
Bd3 {[%clk 1:14:36]} dxe4 {[%clk 1:18:27]} 9. Bxe4 {[%clk 1:14:58]} Nxe4 {[%clk
1:18:04]} 10. Qxe4 {[%clk 1:15:22]} Nd7 {[%clk 1:17:19]} 11. O-O {[%clk 1:14:43]}
O-O {[%clk 1:11:51]} 12. Ne2 {[%clk 1:11:08]} Nf6 {[%clk 1:11:48]} 13. Qf3 {[%clk
1:09:54]} Nd5 {[%clk 1:11:28]} 14. Bc1 {[%clk 1:06:04]} Bd6 {[%clk 1:06:01]} 15.
c4 {[%clk 1:05:01]} Nf6 {[%clk 1:04:24]} 16. Rd1 {[%clk 1:03:06]} Qc7 {[%clk
0:59:53]} 17. Bg5 {[%clk 1:02:14]} Be7 {[%clk 1:00:00]} 18. Rd3 {[%clk 0:54:28]}
Rfd8 {[%clk 0:52:49]} 19. Rad1 {[%clk 0:52:15]} Rd7 {[%clk 0:47:14]} 20. h4
{[%clk 0:46:02]} h6 {[%clk 0:44:57]} 21. Bf4 {[%clk 0:44:20]} Qa5 {[%clk
0:38:59]} 22. a3 {[%clk 0:40:45]} Qh5 {[%clk 0:33:37]} 23. g3 {[%clk 0:26:16]}
Qxf3 {[%clk 0:32:39]} 24. Rxf3 {[%clk 0:26:40]} Rad8 {[%clk 0:32:17]} 25. Rc1
{[%clk 0:22:38]} Ne8 {[%clk 0:26:41]} 26. b4 {[%clk 0:21:12]} Nd6 {[%clk
0:24:51]} 27. Bxd6 {[%clk 0:19:52]} Rxd6 {[%clk 0:24:25]} 28. Rd3 {[%clk
0:17:20]} Bf6 {[%clk 0:22:36]} 1/2-1/2

[Event "9th Vellmar Chess Days"]
[Site "chess24.com"]
[Date "2017.07.16"]
[Round "7"]
[White "Wolff, Michael"]
[Black "Reinecke, Katharina"]
[Result "0-1"]
[Board "28"]
[WhiteElo "1993"]
[WhiteCountry "GER"]
[WhiteFideId "24607657"]
[WhiteEloChange "-13"]
[BlackElo "1877"]
[BlackCountry "GER"]
[BlackFideId "12929727"]
[BlackEloChange "13"]

1. e4 {[%clk 1:25:32]} c6 {[%clk 1:30:54]} 2. d4 {[%clk 1:25:41]} d5 {[%clk
1:31:20]} 3. f3 {[%clk 1:26:05]} e6 {[%clk 1:31:25]} 4. Nc3 {[%clk 1:22:39]} Bb4
{[%clk 1:31:43]} 5. e5 {[%clk 1:13:44]} Ne7 {[%clk 1:30:58]} 6. Ne2 {[%clk
1:08:25]} Nd7 {[%clk 1:29:10]} 7. a3 {[%clk 1:07:02]} Ba5 {[%clk 1:28:32]} 8. Bd2
{[%clk 1:04:11]} Nf5 {[%clk 1:22:04]} 9. g3 {[%clk 0:52:54]} Bb6 {[%clk 1:18:20]}
10. Bf4 {[%clk 0:50:54]} c5 {[%clk 1:13:52]} 11. dxc5 {[%clk 0:41:04]} Bxc5
{[%clk 1:12:05]} 12. Qd2 {[%clk 0:36:19]} a6 {[%clk 1:04:26]} 13. Bh3 {[%clk
0:35:20]} Ne7 {[%clk 1:03:18]} 14. O-O-O {[%clk 0:26:07]} Nc6 {[%clk 1:00:50]}
15. Nxd5 {[%clk 0:11:16]} exd5 {[%clk 1:01:09]} 16. Qxd5 {[%clk 0:11:39]} Qe7
{[%clk 0:54:20]} 17. Nc3 {[%clk 0:04:21]} Nb6 {[%clk 0:51:03]} 18. Bxc8 {[%clk
0:02:42]} Nxd5 {[%clk 0:41:07]} 19. Nxd5 {[%clk 0:03:08]} Rxc8 {[%clk 0:36:35]}
20. Nxe7 {[%clk 0:03:19]} Bxe7 {[%clk 0:32:08]} 21. Rhe1 {[%clk 0:03:13]} Rd8
{[%clk 0:29:50]} 22. Rxd8+ {[%clk 0:02:12]} Nxd8 {[%clk 0:24:31]} 23. Be3 {[%clk
0:02:36]} Nc6 {[%clk 0:23:21]} 24. f4 {[%clk 0:02:58]} Kd7 {[%clk 0:17:53]} 25.
Bb6 {[%clk 0:03:00]} Nb8 {[%clk 0:16:18]} 26. Bd4 {[%clk 0:02:41]} Rg8 {[%clk
0:14:54]} 27. Re2 {[%clk 0:02:12]} g6 {[%clk 0:14:25]} 28. Kd2 {[%clk 0:02:13]}
Ke6 {[%clk 0:13:36]} 29. Ke3 {[%clk 0:02:15]} Nd7 {[%clk 0:12:02]} 30. Ke4 {[%clk
0:01:53]} Nc5+ {[%clk 0:11:23]} 31. Ke3 {[%clk 0:02:10]} Rd8 {[%clk 0:09:46]} 32.
c3 {[%clk 0:01:55]} b5 {[%clk 0:09:32]} 33. g4 {[%clk 0:01:19]} Nb3 {[%clk
0:07:56]} 34. Bb6 {[%clk 0:01:12]} Bc5+ {[%clk 0:07:41]} 35. Bxc5 {[%clk
0:01:37]} Nxc5 {[%clk 0:08:09]} 36. Kf2 {[%clk 0:01:27]} Rd1 {[%clk 0:06:16]} 37.
Kg2 {[%clk 0:01:37]} Nd3 {[%clk 0:05:43]} 38. Re4 {[%clk 0:01:03]} Rd2+ {[%clk
0:05:14]} 39. Kg3 {[%clk 0:01:24]} Nxb2 {[%clk 0:05:13]} 40. f5+ {[%clk 0:01:21]}
gxf5 {[%clk 0:03:51]} 41. gxf5+ {[%clk 0:01:47]} Kxf5 {[%clk 0:01:12]} 42. Rf4+
{[%clk 0:01:06]} Kxe5 {[%clk 0:00:59]} 43. Rxf7 {[%clk 0:01:27]} Rd3+ {[%clk
0:31:05]} 44. Kg4 {[%clk 0:33:13]} Rxc3 {[%clk 0:30:47]} 45. Rxh7 {[%clk
0:33:10]} Rxa3 {[%clk 0:31:00]} 46. h4 {[%clk 0:33:16]} Nc4 {[%clk 0:29:48]} 47.
h5 {[%clk 0:31:05]} Ne3+ {[%clk 0:28:11]} 48. Kg5 {[%clk 0:29:42]} Nf5 {[%clk
0:28:02]} 49. h6 {[%clk 0:29:18]} Rg3+ {[%clk 0:27:22]} 50. Kh5 {[%clk 0:29:32]}
Rh3+ {[%clk 0:27:37]} 51. Kg6 {[%clk 0:29:19]} Rh2 {[%clk 0:27:37]} 0-1